00717 2200265 4500001002100000005001700021008004100038020001800079035002400097040001200121082001000133084001600143090002000159100002100179245007000200250001800270260003400288300003000322650002300352700001300375850001200388990001500400990001500415990002100430YOGYA-0209000003343120161117114514.0 ind  a979-533-033-0 0010-020900000033431 aYOPDYOG a658.5 a658.5 Ros S aDEP 658.5 Ros S aROSIDI, Abidarin aKumpulan Soal-jawab manajemen produksicAbidarin Rosidi, Suratman aEd. 1. cet. 1 aYogyakartabAndi Offsetc1991 aiii, 103 hlmbilusc21 cm aManajeman produksi aSuratman aYOPDYOG a94P0049354 a94P0049355 aCB-D.11/1991-244